Arrêts de la ligne de bus 180 - Statistiques

Statistiques générales
  • Ce quiz a été pris 19 fois
  • Le résultat moyen est 14 sur 24
Statistiques - réponses
Correspondances Réponse % Correct
T9 Hôtel de Ville de Vitry
92%
T7 / M7 Villejuif - Louis Aragon
92%
M8 Charenton - Ecoles
83%
M8 Liberté
83%
RER C Vitry-sur-Seine RER
83%
(uniquement en cas de marché) Exploradôme
67%
Camélinat
58%
Colonel Fabien
58%
Gambetta
58%
Paul Vaillant-Couturier
58%
Audigeois
50%
Edouard Til
50%
Eglise de vitry
50%
Gabriel Péri
50%
Port à l'Anglais
50%
Rue de la Baignade
50%
Rue de la commune
50%
Utrillo
50%
Maurice Gunsbourg
42%
Pont Nelson Mandela Rive Droite
42%
Pont Nelson Mandela Rives de Bercy
42%
Archevêché
33%
Théâtre de Charenton
33%
Vaillant-Couturier - Lénine
33%
Aucun quiz correspondant
Distribution des résultats
% des personnes avec chaque résultat
Percentile par nombre de réponses
Votre historique - résultats
Vous n’avez pas pris ce quiz